BIBLIOTHÈQUE DE LA MAISON DU MEXIQUE

Logo 1 Logo 2

El Colegio de México (notice nᵒ 350)

détails MARC
000 -Sello discográfico
campo de control de longitud fija 01093nam a2200337 4500
005 - Identificación de versión
campo de control 20251016082144.0
010 ## - Número Estándar Internacional de Libros (ISBN)
Número (ISBN) 968-12-0455-7
035 ## - Otros números de control del sistema
Número de control del sistema 20008
099 ## - fechas locales
Tipo de ítem Koha LIBRO
100 ## - Datos de procesamiento general
Datos de procesamiento general 19941114d1993 m y1spay5003 ba
105 ## - Campo de datos codificados: Material textual, monográfico
Datos codificados de monografía y 001zy
200 1# - Título y mención de responsabilidad
Título propio El Colegio de México
Designación general del material texto impreso
Otra información del título una hazaña cultural 1940-1962
Primer mención de responsabilidad Clara E. Lida, José Antonio Matesanz
205 ## - Declaración de edición
Declaración de edición 1a reimpr de la 1a ed
210 ## - Publicación, distribución, etc.
Lugar de publicación, distribución, etc. México
Nombre del editor, distribuidor, etc. El Colegio de México
Fecha de publicación, distribución, etc. 1993
215 ## - Descripción física
Designación de material específico y extensión del ítem 395 p
Dimensiones 17 cm
300 ## - Notas generales
Texto de la nota Contiene bibliografía publicada por El Colegio de México hasta 1962 e índice onomástico
320 ## - Nota de índices/bibliografías internas
Texto de la nota Bibliografía: p.355-364
345 ## - Nota de información de adquisición
Fuente de adquisición/dirección de la suscripción [OBSOLETO] Donación
410 #1 - Series
Título Jornadas
Número de volumen 117
601 ## - Nombre de entidad corporativa utilizado como temática
Elemento de entrada México (Ciudad). El Colegio de México
Subdivisión temática Historia
Número Koha 1095
660 ## - Código de área geográfica
Código MX
700 ## - Nombre personal - Responsabilidad primaria
Elemento de entrada Lida
Parte del nombre distinta del elemento de entrada Clara Eugenia
Fechas 1941-
Número Koha 1096
701 ## - Nombre personal - Responsabilidad alternativa
Elemento de entrada Matesanz
Parte del nombre distinta del elemento de entrada José Antonio
Número Koha 1097
801 #0 - Fuente de origen
Agencia cm
900 ## -
-- 1/10930
900 ## -
-- 71094445\\\141194
942 ## - ELEMENTOS DE ENTRADA SECUNDARIOS (KOHA)
Tipo de ítem Koha Livre
996 ## -
-- MEX
-- 751145101
-- MMAG
-- 005944
-- 308 J82 V.117
-- 20220121LIV
Exemplaires
Estatus retirado Estado de daño Estado de pérdida Fecha de adquisición Biblioteca de origen Biblioteca actual Ubicación en estantería Código de barras Precio de reemplazo Signatura topográfica completa No para préstamo Tipo de ítem Koha Nota pública Nota no pública
      05/08/2025 Casa México Paris Casa México Paris   005944 05/08/2025 308 J82 V.117   Livre 20220121LIV 751145101